[Event "Airthings Masters KO 2020"]
[Site "Online"]
[Date "2021.01.01"]
[Round "2.2"]
[White "Aronian, Levon"]
[Black "Vachier-Lagrave, Maxime"]
[Result "1-0"]
[WhiteElo "2781"]
[BlackElo "2784"]
[Annotator "TA"]
[PlyCount "225"]
[EventDate "2020.12.26"]
[EventType "k.o."]
[EventCountry "NET"]
[SourceTitle "playchess.com"]
[Source "ChessBase"]
[SourceQuality "1"]

{[%evp 10,225,11,9,13,9,7,1,12,10,5,7,13,24,41,17,51,6,26,19,6,-3,25,15,48,35,51,58,89,80,113,127,113,114,113,96,173,179,206,156,157,161,168,162,167,169,162,147,159,147,138,136,247,249,222,172,165,156,164,120,168,153,148,125,123,117,125,125,125,125,125,125,125,125,125,125,148,94,89,80,90,61,99,99,96,111,125,125,125,125,125,125,125,125,125,125,125,125,125,125,125,125,125,125,125,0,125,125,393,365,337,288,279,125,133,125,125,125,206,125,122,122,122,8,8,8,122,122,122,122,122,122,177,144,177,177,171,177,119,132,121,8,8,8,8,0,8,8,265,267,634,626,884,615,5722,4248,5414,4035,29957,29958,29959,29961,29961,29962,29962,29964,29961,29963,29966,29967,29967,29969,29968,29970,29969,29970,29970,29971,29971,29972,29973,29973,29972,29974,29976,29974,29974,29974,29975,29975,29974,29975,29975,29976,29976,29977,29977,29976,29976,29977,29977,29978,29978,29979,29979,29980,29980,29981,29981,29980,29982,29977,29983,29984,29984,29985,29985,29986]} 1. d4 Nf6 2. c4 g6 3. Nc3 d5 4. Bg5 Ne4 5. Bf4 Nxc3 6. bxc3 c5 {D80: Grünfeld: Unusual White 4th moves and 4 Bg5.} 7. cxd5 Qxd5 8. e3 cxd4 {The position is equal.} 9. Qxd4 Qxd4 10. cxd4 Nc6 11. Nf3 {[#]} e6 $146 ({Predecessor:} 11... Bg7 12. Be2 O-O 13. Rb1 a6 14. a4 Re8 15. O-O e5 16. dxe5 Nxe5 17. h3 Bd7 18. Rxb7 Bxa4 19. Nxe5 Bxe5 {1-0 (59) Boelker,F (1823)-Klueppel,R (1714) Germany 2010}) 12. Rb1 f6 13. h4 Bb4+ 14. Kd1 Be7 15. Bc4 Na5 16. Bd3 Bd7 17. Ke2 O-O 18. e4 Rac8 19. Bd2 b6 20. Bxa5 bxa5 21. Rb7 $36 {[%mdl 2112] Double Attack. White is really pushing.} Rfd8 22. Rxa7 Rb8 (22... Ra8 $16 {was called for.} 23. Rb7 Ba3) 23. Rc1 $18 Rb2+ 24. Rc2 Rxc2+ 25. Bxc2 Bb4 26. Bb3 Kf8 27. e5 fxe5 28. Nxe5 Be8 29. Ke3 ({Inferior is} 29. Bxe6 Rxd4 30. Kf3 Bd6 $11) 29... Bc3 30. Nf3 Bd7 (30... Bc6 $16 31. Rxh7 Bxf3) 31. Rc7 Bb2 32. Ng5 h6 33. Nh7+ ({Resist} 33. Bxe6 $6 Bxd4+ 34. Ke4 hxg5 $14) 33... Ke8 34. Bc2 Rc8 35. Nf6+ Ke7 36. Rxc8 Bxc8 $16 {[%mdl 4096] Endgame KBB-KBN} 37. Ng4 h5 38. Ne5 Bc1+ 39. Ke2 g5 40. hxg5 Bxg5 41. f4 Bf6 42. g3 Bb7 43. Ke3 ({Better is} 43. Bb3) 43... Bd5 44. a4 Kd6 45. Nf7+ Ke7 46. Ng5 Bc6 47. Bd1 Bg7 48. Nf3 Bf6 49. Ne5 {[%mdl 64] Discovered Attack} Be8 50. Nc4 h4 51. gxh4 Bxh4 52. Nxa5 Be1 53. Nb7 {Strongly threatening a5.} Bc6 54. Nc5 Bb4 55. Bf3 Be8 56. Be2 Bc6 57. Bf3 Be8 58. Kd3 Kf6 $2 {[%mdl 8192]} (58... Ba5 $16 59. Bg4 Bf7) 59. Kc4 $1 $18 {[%cal Rc4b4]} Ba5 60. Bg4 Ke7 61. Kd3 ({Weaker is} 61. Nxe6 Bxa4 62. f5 Bd2 $16) (61. Bxe6 $18 {and the rest is easy.} Bxa4 62. Nxa4 Kxe6 63. Nc3) 61... Bb6 62. Bd1 Bc7 63. Ke3 Ba5 (63... Bc6 $16 64. Bf3 Be8) 64. Bb3 Bb4 65. Ke4 {Hoping for Ke5.} Kf6 66. Bc4 (66. Kd3 $16) 66... Bc6+ $1 $11 67. Ke3 {aiming for Bb5.} Ke7 (67... Bxc5 $11 {keeps the balance.} 68. dxc5 Bxa4) 68. Bb5 Bd5 69. Nd3 Ba5 70. Ne5 Bc7 (70... Kd6 $16 {keeps fighting.} 71. Bc4 Bb6) 71. Kd3 Kf6 72. Bc6 Bb3 73. Nd7+ Kf5 (73... Ke7 $18 74. Nc5 Ba2) 74. Nc5 Ba2 75. Kc3 ({White should play} 75. Na6 $16 Bd8 76. Ke3) 75... Kxf4 76. Kb2 Bc4 $1 77. Kc3 Ba2 78. Nb7 Bb6 $2 {[%mdl 8192] Black is now going downhill.} (78... Ke3 $11) 79. a5 $18 Ba7 $2 (79... Bc7 80. a6 Bb6) 80. Nd6 $1 {[%cal Rd6c8]} e5 81. d5 {[%cal Bd4d5,Bd5d6][%mdl 32]} e4 {[#]} 82. Nxe4 $1 {[%mdl 512]} Ke5 83. d6 Be6 {[#]} 84. Kd3 $1 {White mates.} Bb8 85. d7 Bc7 86. a6 Bxd7 87. Bxd7 Bb6 88. Bc6 Bg1 89. Kc4 Ba7 90. Nc3 Bb6 91. Nb5 Ke6 92. a7 Bxa7 93. Nxa7 Kd6 94. Bd5 Ke5 95. Kc5 Kf5 96. Kd4 Kf4 97. Nc6 Kf5 98. Ne5 Kf6 99. Be4 Ke6 100. Nc4 Kf6 101. Kd5 Ke7 102. Bf5 Kf6 103. Ke4 Ke7 104. Ke5 Kf7 105. Nd6+ Kg7 106. Ke6 Kg8 107. Kf6 Kh8 108. Nf7+ Kg8 109. Bg6 Kf8 110. Bh7 Ke8 111. Ne5 Kd8 112. Ke6 Kc7 113. Nd7 {Weighted Error Value: White=0.09/Black=0.16} 1-0

[Event "Airthings Masters KO 2020"]
[Site "Online"]
[Date "2021.01.01"]
[Round "2.2"]
[White "Radjabov, Teimour"]
[Black "Dubov, Daniil"]
[Result "1-0"]
[WhiteElo "2765"]
[BlackElo "2699"]
[Annotator "TA"]
[PlyCount "95"]
[EventDate "2020.12.26"]
[EventType "k.o."]
[EventCountry "NET"]
[SourceTitle "playchess.com"]
[Source "ChessBase"]
[SourceQuality "1"]

{[%evp 16,95,3,6,20,16,21,17,15,13,17,16,25,8,10,6,17,12,12,0,8,4,15,5,10,12,10,16,15,24,27,0,0,0,15,0,24,-27,-23,-23,0,0,0,-27,0,3,100,96,99,99,120,118,133,114,110,69,90,94,128,124,111,107,118,116,116,100,179,167,214,213,201,213,604,330,1191,1147,29985,29986,29992,29985,29991,29992]} 1. Nf3 Nf6 2. c4 b6 3. d4 Bb7 4. g3 g6 5. Bg2 Bg7 6. O-O O-O 7. Nc3 Ne4 8. Nxe4 Bxe4 9. Be3 c5 {A50: Queen's Fianchetto Defence (1 d4 Nf6 2 c4 b6).} 10. Qd2 d6 11. Bh6 Nd7 {[%cal Bb8d7,Bd7f6,Bf6e4][%mdl 32] The position is equal.} 12. Rfd1 Nf6 13. Bxg7 Kxg7 14. Rac1 Qc7 15. Nh4 {[#]} Rab8 $146 ({Predecessor:} 15... Bxg2 16. Nxg2 Qb7 17. Nf4 cxd4 18. Nd5 Nxd5 19. cxd5 Qxd5 20. Qxd4+ Qxd4 21. Rxd4 Rfc8 {0-1 (60) Bellia,F (2444)-Short,N (2688) Abu Dhabi 2017}) 16. Bxe4 Nxe4 17. Qe3 Nf6 18. Qg5 Kh8 (18... e6 {is more complex.} 19. Qd2 Qe7 20. Ng2 Rbd8 21. Qc2 h5) 19. Qh6 Rfc8 20. Nf3 Kg8 21. b3 a6 22. Ng5 Qd8 23. Nf3 (23. e4 $5 {[%cal Re4e5]} Qf8 24. Qxf8+ Rxf8 25. e5 dxe5 26. dxe5 $14) 23... Qd7 24. Kg2 Qe6 25. Rd2 Qe4 26. Kf1 (26. h3 $142) 26... Rc7 $11 27. Rd3 Qf5 28. Kg2 Qe4 29. Kf1 Rbc8 30. d5 b5 {[#]} (30... Ng4 $11 31. Qxh7+ {[%mdl 64] Decoy} Kxh7 32. Ng5+ {[%mdl 64] Double Attack} Kg7 33. Nxe4 Nxh2+ 34. Kg2 Ng4) 31. h3 $1 $16 Rb8 {[#]} 32. g4 $1 {Strongly threatening Re3.} e5 33. dxe6 $1 Qxe6 34. Qf4 Ne8 35. Re3 Qd7 36. Ng5 d5 37. cxd5 Qxd5 {[%cal Rd5h1]} 38. Kg1 c4 39. bxc4 bxc4 40. Ne4 Rcb7 {[#]} (40... Qd8 $16) 41. Rxc4 $3 $18 {[%mdl 512]} Rb1+ (41... f5 42. gxf5) 42. Kh2 Qd1 {[%csl Gb1][%cal Rd1g1]} 43. Kg3 h5 $2 (43... R1b5 44. Rf3 Qd7) 44. Rf3 f5 (44... h4+ 45. Kxh4 Qd8+ 46. Kg3 Qe7) 45. gxf5 Qh1 46. Kh4 {White mates.} ({Not} 46. fxg6 $2 Rg1+ 47. Kh4 Rg4+ 48. Qxg4 hxg4 $19) 46... Rg1 47. Rg3 Rb5 48. Rc8 {Weighted Error Value: White=0.14/Black=0.44} 1-0

[Event "Airthings Masters KO 2020"]
[Site "Online"]
[Date "2021.01.01"]
[Round "2.2"]
[White "Dubov, Daniil"]
[Black "Radjabov, Teimour"]
[Result "0-1"]
[WhiteElo "2699"]
[BlackElo "2765"]
[Annotator "TA"]
[PlyCount "126"]
[EventDate "2020.12.26"]
[EventType "k.o."]
[EventCountry "NET"]
[SourceTitle "playchess.com"]
[Source "ChessBase"]
[SourceQuality "1"]

{[%evp 9,126,-29,-25,-25,-17,-32,-13,-19,-30,-26,-8,-25,-14,-22,0,-64,-74,-79,36,-27,-24,-88,-97,-96,-79,-85,-88,-98,-93,-193,-65,-212,-105,-119,0,-79,-79,-81,0,-103,-91,-448,-314,-333,-325,-318,-288,-275,-295,-272,-288,-276,-280,-257,-262,-298,-235,-238,-207,-208,-188,-243,-207,-251,-237,-228,-250,-261,-250,-291,-295,-285,-283,-338,-320,-334,-318,-298,-266,-479,-472,-467,-455,-455,-437,-563,-550,-672,-362,-378,-218,-793,-85,-69,-69,-80,-68,-81,-82,-69,-69,-86,-43,-29976,-29977,-29976,-29978,-29976,-29977,-29982,-29983,-29983,-29984,-29979,-29979,-29988,-29989,-29989,-29981]} 1. Nf3 {Krasenkow,M} Nf6 2. c4 e6 3. Nc3 d5 4. d4 Be7 5. g4 O-O 6. g5 {D37: Queen's Gambit Declined: 5 Bf4.} Ne4 {[#]} 7. Bg2 $146 ({Predecessor:} 7. Qc2 Nxg5 8. Bxg5 Bxg5 9. h4 Bh6 10. e3 c6 11. Ng5 f5 12. Rg1 Qe7 13. O-O-O {½-½ (43) Mamedyarov,S (2761)-Ponomariov,R (2734) Dortmund 2010 CBM 138 [Krasenkow,M]}) 7... c5 8. dxc5 {The position is equal.} Nxc3 9. bxc3 Bxc5 10. h4 Nc6 11. h5 dxc4 12. Qc2 (12. Qxd8 $11 Rxd8 13. Nd2) 12... e5 13. Rb1 Bb6 (13... f5 $17 14. gxf6 Qxf6) 14. Nh4 (14. Ba3 $14) 14... f5 $11 15. gxf6 (15. Ba3 $11 {keeps the balance.}) 15... Qxf6 $17 16. e3 Be6 17. Be4 Qh6 18. Ba3 Rf7 ({Avoid the trap} 18... Qxh5 $2 19. Bxf8 Rxf8 20. Ng6 $1 $18 {[%mdl 512]}) 19. Qe2 (19. Rd1 $17) 19... Rd8 (19... Ba5 $1 $19 20. Kf1 Bxc3) 20. Rg1 (20. Rd1 $1 $15) 20... Qf6 (20... Ba5 $19 21. Bb4 Bxb4 22. cxb4 c3) 21. Nf3 {Ng5 would now be nice for White.} Bd5 (21... Ba5 $1 $17 22. Rc1 Rfd7) 22. Bxd5 (22. Ng5 $11 Bxe4 23. Nxe4) 22... Rxd5 23. Ng5 Qf5 ({Black should try} 23... e4 $1 $17 24. Nxf7 Qxf7) 24. Rc1 (24. Rxb6 $1 $11 Rfd7 25. Rb2) 24... Rf6 $36 {[%mdl 2048] Black is in control.} 25. Rg2 $2 {[%mdl 8192]} (25. Rc2 $17 {is more resistant.}) 25... Rd3 {Threatens to win with ...Bxe3!} 26. Qg4 {[#]} Rxe3+ $1 {[%mdl 512]} 27. Kf1 Qxg4 28. Rxg4 Rd3 29. Rc2 h6 30. Ne4 Rf4 31. Rxf4 exf4 32. Kg2 Rd5 33. Bd6 Rxh5 34. Bxf4 Rd5 35. Re2 (35. Rb2 {is a better defense.}) 35... Kh7 36. Nd2 Ba5 37. Nxc4 Bxc3 38. Nd6 b6 39. Rc2 {[#]} Nd4 $1 40. Rxc3 Ne2 $1 {[%csl LRc3,LRf4][%mdl 64] Double Attack} 41. Rc6 Nxf4+ $19 {[%mdl 4096] Endgame KRN-KRN} 42. Kf3 Nd3 43. Ke4 Nb4 44. a3 $2 {[#]} (44. Nc8 {was called for.}) 44... Rd4+ $3 {[%mdl 512]} 45. Kxd4 Nxc6+ {KN-KN} 46. Kd5 Na5 47. Nc8 h5 48. Nxa7 h4 {White must now prevent ...h3.} 49. Ke4 Nc4 (49... Kh6 $142 50. Kf3 Kh5) 50. Kf4 $2 {[#]} (50. Kf3) 50... g5+ $2 (50... Ne5 $1 $19 {[%mdl 512] And now ...g5+! would win.} 51. f3 g5+ 52. Ke3 Nc4+ 53. Ke2 Nxa3) 51. Kg4 $17 Ne5+ 52. Kh3 Kg6 {aiming for ...Kh5.} 53. Nc8 Nc4 $1 {Strongly threatening ...b5.} 54. Kg4 b5 $1 55. f4 $1 Ne3+ ({Of course not} 55... Nxa3 $6 56. fxg5 Kh7 57. Nb6 $11) 56. Kf3 $2 {[%mdl 8192] [#]} (56. Kh3 $15) 56... h3 $1 {[%cal Rh3h2] Black mates.} 57. Kg3 {[#]} g4 $1 58. Ne7+ Kf6 59. Nc6 Nf1+ 60. Kf2 {[#]} h2 $1 61. Kg2 {[#]} g3 $1 62. Ne5 (62. Nd4 Ne3+) 62... Ne3+ 63. Kh1 Nd1 {Weighted Error Value: White=0.52/Black=0.31} 0-1

[Event "Airthings Masters KO 2020"]
[Site "Online"]
[Date "2021.01.01"]
[Round "3.1"]
[White "Vachier-Lagrave, Maxime"]
[Black "Dubov, Daniil"]
[Result "1-0"]
[WhiteElo "2784"]
[BlackElo "2699"]
[Annotator "TA"]
[PlyCount "101"]
[EventDate "2020.12.26"]
[EventType "k.o."]
[EventCountry "NET"]
[SourceTitle "playchess.com"]
[Source "ChessBase"]
[SourceQuality "1"]

{[%evp 14,101,35,13,15,18,60,64,64,64,64,60,62,71,61,58,58,62,61,42,46,8,36,14,50,12,19,7,7,7,7,0,0,0,0,0,67,65,93,60,145,145,160,160,157,157,157,151,216,216,236,227,237,204,184,181,466,276,351,289,634,610,604,604,663,663,6558,6551,29970,29971,29970,29972,29972,29973,29973,29974,29974,29975,29976,29976,29976,29977,29977,29978,29978,29979,29978,29979,29979,29980]} 1. e4 e5 2. Nf3 Nc6 3. Bc4 Nf6 4. d3 Be7 5. Nc3 d6 6. a4 O-O 7. O-O {is the legacy move (7.a5).} h6 8. h3 Be6 {C55: Two Knights: 4 d3, 4 d4 exd4 5 e5 and Max Lange Attack.} 9. Re1 Nxe4 {[%mdl 64] Remove Defender, Decoy} 10. Nxe4 d5 {White is slightly better.} 11. Bb5 dxe4 12. Bxc6 bxc6 13. Nxe5 {[#]} exd3 $146 ({Predecessor:} 13... Bd6 14. Rxe4 Bd5 15. Re1 Re8 16. Ng4 Rxe1+ 17. Qxe1 Qd7 18. Bd2 Re8 19. Qd1 Qf5 {½-½ (35) Gurevich,V (2484)-Wemmers,X (2354) Belgium 2014}) 14. Nxc6 dxc2 15. Qxc2 Qd7 16. Bf4 Bf6 17. Rac1 Bd5 18. b4 {[%cal Bb2b4,Bb4b5][%mdl 32]} a6 19. Red1 {White wants to play b5.} Rfe8 20. b5 {Nb4 is the strong threat.} Qe6 $1 {White must now prevent ...Bb3.} 21. Qd2 $36 {[%mdl 2048] White has some pressure.} ({Much worse is} 21. Bxc7 Bb3 $17) 21... Bxc6 22. Rxc6 Qf5 {And now ...Rad8 would win.} 23. Bxc7 {Threatens to win with b6.} ({But not} 23. Rxa6 $2 Rad8 $19) ({Not} 23. bxa6 $2 Red8 $19) 23... axb5 24. a5 Re6 (24... Qe4 $11 25. Qd5 b4) 25. Rxe6 $14 Qxe6 {[#] Black is now going downhill.} 26. Bb6 $1 Qb3 {[#]} ({Black should try} 26... Re8 $14) 27. Qd3 $1 $16 {[%cal Rd3b3]} Qxd3 28. Rxd3 {[%mdl 4096] Endgame KRB-KRB} b4 29. Kf1 Kf8 30. Ke2 Bc3 (30... Ke7 $16 {was worth a try.} 31. Bc5+ {[%mdl 64] Double Attack} Ke6) 31. Kd1 $18 Ke7 32. Kc2 Ke6 33. Kb3 f5 34. f4 g5 $2 (34... g6 35. Rd1 Rb8) 35. g3 (35. fxg5 $142 hxg5 36. Rd8) 35... g4 36. h4 Kf7 $2 (36... h5 37. Rd1 Rb8) 37. h5 Be1 38. Ka4 Rb8 39. Kb5 Kf6 40. a6 Bf2 {[#]} 41. a7 $1 {White mates.} Rxb6+ {KRB-KR} 42. Ka5 Rb7 43. a8=Q Ra7+ {[#]} 44. Qxa7 $1 Bxa7 45. Kxb4 {KR-KB} Bf2 46. Kb5 Ke6 47. Kc6 Kf6 48. Kd5 Be1 49. Ra3 Bf2 50. Ra6+ Kg7 51. Ke5 {Weighted Error Value: White=0.08/Black=0.38} 1-0

[Event "Airthings Masters KO 2020"]
[Site "Online"]
[Date "2021.01.01"]
[Round "3.1"]
[White "Aronian, Levon"]
[Black "Radjabov, Teimour"]
[Result "0-1"]
[WhiteElo "2781"]
[BlackElo "2765"]
[Annotator "TA"]
[PlyCount "96"]
[EventDate "2020.12.26"]
[EventType "k.o."]
[EventCountry "NET"]
[SourceTitle "playchess.com"]
[Source "ChessBase"]
[SourceQuality "1"]

{[%evp 16,96,29,-5,-5,-13,-6,-22,-18,-22,-22,-16,0,-8,8,20,26,25,20,-30,-23,-49,-44,-37,-37,-41,-36,-67,-47,-51,0,-116,-50,-153,-161,-169,-166,-182,-187,-181,-170,-184,-170,-158,-178,-162,-166,-160,-156,-178,-143,-249,-261,-255,-250,-256,-249,-243,-247,-249,-250,-238,-202,-206,-204,-270,-264,-268,-266,-468,-477,-602,-579,-575,-588,-520,-483,-490,-482,-489,-478,-520,-517]} 1. e4 e5 2. Nf3 Nc6 3. Bb5 Nf6 4. O-O Nxe4 5. d4 Nd6 6. Bxc6 dxc6 7. dxe5 Nf5 8. Qxd8+ Kxd8 9. h3 Bd7 {C67: Ruy Lopez: Berlin Defence: 4 0-0 Nxe4.} 10. Rd1 Kc8 11. g4 {[#] Strongly threatening Rxd7.} Ne7 {The position is equal.} 12. Ng5 Be8 13. f4 c5 $5 {[%mdl 4] An interesting side line.} 14. Nc3 b6 {[#]} (14... h6 {looks sharper.} 15. Nf3 Bc6 16. Kf2 g6 17. a4 a5) 15. f5 $146 ({Predecessor:} 15. Kf2 Nc6 16. Be3 Nd4 17. Bxd4 cxd4 18. Ne2 c5 19. c3 h6 20. Ne4 Bc6 21. N4g3 dxc3 22. Nxc3 {1-0 (39) Dominguez Perez,L (2732)-Melkumyan,H (2622) Baku 2015}) 15... Nc6 16. Bf4 Nd4 17. Kf2 h6 18. Nf3 Nxc2 19. Rac1 Nb4 20. a3 Nc6 21. Nd5 Ne7 22. Ne3 Nc6 (22... Kb7 $15) 23. f6 (23. Nd5 $11) 23... Bd7 {Black converts the advantage convincingly.} (23... g5 $17 24. Bg3 Nd8) 24. b4 ({White should play} 24. fxg7 $15 Bxg7 25. b4) 24... g5 $17 25. Bg3 Be6 26. Rd3 Kb7 27. Rdc3 Rd8 28. Nf5 a5 29. b5 Na7 30. a4 c6 31. bxc6+ Nxc6 32. Ke2 Nb4 33. Rd1 (33. Rb1 $17 {was called for.}) 33... Rxd1 $19 34. Kxd1 Nd5 35. Ra3 c4 36. Nd6+ Bxd6 37. exd6 Rd8 38. Be5 Nb4 39. Bg3 Nd3 40. Nd4 Bd7 41. Kd2 Re8 42. Nc2 $2 (42. Rc3) 42... Nc5 {Black is clearly winning.} 43. Re3 Ne4+ 44. Kc1 Nxg3 45. Rxg3 Re6 46. Rc3 Rxf6 47. Rxc4 {[#] Hoping for Rc7+.} Rxd6 48. Kb2 Rd3 {Weighted Error Value: White=0.28/Black=0.07} 0-1

[Event "Airthings Masters KO 2020"]
[Site "Online"]
[Date "2021.01.01"]
[Round "3.1"]
[White "Radjabov, Teimour"]
[Black "Aronian, Levon"]
[Result "1/2-1/2"]
[WhiteElo "2765"]
[BlackElo "2781"]
[Annotator "TA"]
[PlyCount "89"]
[EventDate "2020.12.26"]
[EventType "k.o."]
[EventCountry "NET"]
[SourceTitle "playchess.com"]
[Source "ChessBase"]
[SourceQuality "1"]

{[%evp 24,89,23,19,33,32,29,15,25,16,27,22,16,12,15,0,0,0,29,29,29,27,31,33,23,30,62,11,10,12,12,0,20,8,8,6,14,4,66,54,71,64,71,68,80,59,72,27,27,8,8,8,8,8,8,0,0,0,3,0,8,8,8,8,8,8,8,8]} 1. d4 Nf6 2. c4 e6 3. Nf3 d5 4. Nc3 Bb4 5. Bg5 dxc4 6. e4 c5 7. Bxc4 cxd4 8. Nxd4 Bxc3+ 9. bxc3 Qa5 10. Bb5+ Nbd7 11. Bxf6 Qxc3+ 12. Kf1 gxf6 13. h4 Qb4 {D39: Queen's Gambit Declined: Ragozin Defence with 5 Bg5 dxc4.} 14. Rh3 {[%mdl 1024] White has compensation.} a6 $1 {[%cal Ra6b5]} 15. Be2 Ne5 16. Rb1 Qd6 17. Rc3 O-O {is now debated instead of 17...b5.} 18. h5 Rd8 19. Rg3+ Kf8 20. Qb3 Qc5 ({Avoid the trap} 20... Qxd4 $2 21. Rd1 $18) 21. Nf3 Ke7 22. Nxe5 Qxe5 23. Qa3+ Qd6 24. Qe3 {Rd1 is the strong threat.} Qd2 25. Qc5+ ({White should play} 25. Qb3 $14) 25... Qd6 $11 26. Qc3 Qe5 27. Qa3+ Qd6 28. Qc1 {[#] Threatens to win with Rd3.} Bd7 29. Rxb7 {[#]} Rac8 $146 ({Predecessor:} 29... Rdc8 30. Qe1 Qc5 31. Rd3 Rc7 32. Rxc7 Qxc7 33. Qb4+ Ke8 34. Rg3 {½-½ (32) Bokar,J (2539)-Jonsson,D (2557) ICCF email 2018}) 30. Qb2 Qe5 ({Better is} 30... Rb8 $11 31. Rgb3 (31. Rf3 Qe5 $11) 31... Rxb7 32. Rxb7 Rc8) 31. Qa3+ $14 Qc5 {[#] And now ...Qxa3 would win.} 32. Bxa6 Qxa3 33. Rxa3 Kf8 34. Bd3 Rc5 35. g4 e5 36. f3 Kg7 {The position is equal.} 37. Ke2 Be6 38. Rb2 Rc1 39. Ke3 Kh6 40. Rc2 Ra1 41. Bc4 Rc8 42. Rac3 Rxc4 43. Rxc4 Bxc4 44. Rxc4 {Black should prevent Rc7.} Rxa2 45. Rc7 {Weighted Error Value: White=0.08/Black=0.07} 1/2-1/2

[Event "Airthings Masters KO 2020"]
[Site "Online"]
[Date "2021.01.01"]
[Round "3.1"]
[White "Dubov, Daniil"]
[Black "Vachier-Lagrave, Maxime"]
[Result "0-1"]
[WhiteElo "2699"]
[BlackElo "2784"]
[Annotator "TA"]
[PlyCount "96"]
[EventDate "2020.12.26"]
[EventType "k.o."]
[EventCountry "NET"]
[SourceTitle "playchess.com"]
[Source "ChessBase"]
[SourceQuality "1"]

{[%evp 17,96,-4,0,-15,0,0,0,0,75,-11,44,43,487,475,475,444,692,685,668,0,0,0,151,172,152,156,118,148,124,141,131,37,52,51,49,0,116,0,0,-80,0,0,0,-12,-8,-8,-12,-3,0,-94,-103,-200,-210,-302,-306,-5477,-5731,-5096,-2882,-1973,-2225,-5635,-4978,-6528,-6424,-29965,-29966,-29967,-29970,-29972,-29973,-29974,-29975,-29983,-29984,-29984,-29985,-29986,-29987,-29987,-29988]} 1. e4 c5 2. Nf3 d6 3. Bb5+ Nd7 4. O-O a6 5. Bxd7+ Bxd7 6. c3 Nf6 7. Re1 Bc6 8. d4 Bxe4 9. Bg5 Bg6 10. d5 {B51: Sicilian: Moscow Variation (3 Bb5+) without 3...Bd7.} Qd7 11. Nbd2 O-O-O ({Not} 11... Nxd5 $2 12. Nc4 $18) 12. b4 {[#] The position is equal.} e6 $146 (12... Nxd5 $11 13. Nc4 e6) ({Predecessor:} 12... Nxd5 13. Nc4 e6 14. Bxd8 Qxd8 15. bxc5 dxc5 16. Nfe5 Qc7 17. Qf3 b5 18. Nxg6 hxg6 {½-½ (27) Delavekouras,S (2406)-Keuter,K (2461) ICCF email 2014}) 13. Nc4 (13. dxe6 $1 $16 fxe6 14. bxc5) 13... Qb5 (13... Nxd5 $11 14. Bxd8 Qxd8) 14. Nfd2 exd5 $2 {[%mdl 8192] [#]} (14... Nxd5 $14 15. Bxd8 Kxd8) 15. a4 $1 $18 Qc6 {[#]} 16. b5 $1 axb5 (16... Qc7 $142) 17. axb5 Qxb5 18. Qf3 $2 dxc4 $11 19. Bxf6 gxf6 $2 (19... Rd7 $11 20. Nf1 gxf6 21. Ra8+ Kc7) 20. Ra8+ $16 Kc7 21. Rxd8 Kxd8 22. Qxf6+ {[%mdl 64] Double Attack} Kd7 {aiming for ...Rg8.} 23. Qxh8 Be7 {[#]} 24. Nf1 (24. h4 $1 $16) 24... Qb6 $14 {next ...Qd8 is good for Black.} 25. Qa8 Qa6 26. Qh8 {Ne3 is the strong threat.} (26. Qg8 {is interesting.} Qb6 27. Qb8 Qa6 28. Ne3 Bd8 29. f3) 26... b5 (26... Qb6 $11 {remains equal.}) 27. Ne3 (27. h4 $16) 27... Qc8 $11 28. Qxc8+ Kxc8 29. Nxc4 $1 {[%mdl 4096] Endgame KRN-KB} Kd8 30. Na3 b4 31. cxb4 cxb4 32. Nc4 Kd7 33. f3 {[#]} (33. Rc1 $1 $11) 33... b3 $1 $17 34. Kf2 (34. Rd1 $17 {was worth a try.} Bf6 35. Rxd6+ {[%mdl 64] Double Attack} Ke7 36. Rc6) 34... Bf6 $19 35. Nd2 (35. Rd1 {keeps fighting.} b2 36. Nxb2 Bxb2 37. g4) 35... b2 36. Ne4 $2 (36. Re4) 36... Bxe4 37. fxe4 {KR-KB} Bg5 38. Rb1 Bc1 39. Ke2 Ke6 40. Kd3 Ke5 41. g3 h5 {Black mates.} 42. h3 f6 43. h4 f5 44. exf5 Kxf5 45. Kd4 Kg4 46. Kd5 Kxg3 47. Kxd6 Kxh4 48. Ke5 Kg3 {What a bad dream for White.  Weighted Error Value: White=0.84/Black=0.47} 0-1